00378nam a2200157Ia 4500003000400000008004100004040001600045082001300061100002300074245003700097260004200134300000800176650001400184650000900198650001300207GCL140319s9999 xx 000 0 eng d aGCL / cGCL04a759bW R1 aWHITE, CHRISTOPHER10aREMBRANDT / cWHITE, CHRISTOPHER a[S.N] : bTHAMES AND HUDSON ، c1989 a21604aREMBRANDT04aARTS04aPAINTERS